000 00422nam a2200145Ia 4500
008 231129s1998||||xx |||||||||||||| ||spa||
020 _a84-8156-180-0
040 _bspa
082 _a759.6 G724g
100 _aGoya Francisco de
245 0 _aGoya: Un genio irónico en el umbral de la pintura moderna
260 _c1998
264 _a[Madrid] España : Electa
942 _2ddc
_cBKS
999 _c14565
_d14565